Hasal-e-umar rawan (urdu) (Record no. 12312)

000 -LEADER
fixed length control field 00347nam a2200133 4500
082 ## - DEWEY DECIMAL CLASSIFICATION NUMBER
Classification number 891.4391 SAQ
100 ## - MAIN ENTRY--PERSONAL NAME
Personal name Abdul Rasheed Bhatti Saqi
245 ## - TITLE STATEMENT
Title Hasal-e-umar rawan (urdu)
260 ## - PUBLICATION, DISTRIBUTION, ETC.
Place of publication, distribution, etc. Islamabad
Name of publisher, distributor, etc. Paper Communication System
Date of publication, distribution, etc. 2012
300 ## - PHYSICAL DESCRIPTION
Extent 400p.
Accompanying material 22cm.
650 ## - SUBJECT ADDED ENTRY--TOPICAL TERM
Topical term or geographic name entry element Non-fiction
700 ## - ADDED ENTRY--PERSONAL NAME
Personal name Abdul Rasheed Bhatti Saqi
942 ## - ADDED ENTRY ELEMENTS (KOHA)
Koha item type Book
Holdings
Withdrawn status Lost status Damaged status Not for loan Collection code Permanent Location Current Location Shelving location Date acquired Source of acquisition Cost, normal purchase price Total Checkouts Full call number Barcode Date last seen Price effective from Koha item type
          Central Library (CL) Central Library (CL) General Stacks 12/11/2013 Donation 0.00   891.4391 SAQ SEECSD00996 09/17/2019 12/25/2013 Book
          Central Library (CL) Central Library (CL) General Stacks 12/11/2013 Donation 0.00   891.4391 SAQ SEECSD00997 02/17/2022 12/25/2013 Book
© 2023 Central Library, National University of Sciences and Technology. All Rights Reserved.